[Event "SF-2014-0-00230"]
[Site "LSS email"]
[Date "2014.04.20"]
[Round "?"]
[White "Willoughby, Peter"]
[Black "Scragg, Christopher"]
[Result "1-0"]
[WhiteElo "1151"]
[BlackElo "1007"]
[PlyCount "89"]
[EventDate "2014.03.09"]
[EventType "tourn (corr)"]
[EventRounds "6"]
[EventCountry "GER"]
[SourceTitle "Corr 2015"]
[Source "ChessBase"]
[SourceDate "2015.07.17"]
[SourceVersion "1"]
[SourceVersionDate "2015.07.17"]
[SourceQuality "1"]

1. c4 e5 2. g3 Nc6 3. Bg2 Nf6 4. Nc3 Bc5 5. e3 0-0 6. Nge2 Re8 7. 0-0 d6 8. d4 Bb6 9. dxe5 Nxe5 10. Nf4 Bg4 11. Qb3 Rb8 12. Ncd5 Nf3+ 13. Kh1 Ng5 14. Nxb6 axb6 15. f3 Bd7 16. Nd5 Bc6 17. e4 Ne6 18. a4 Nc5 19. Nxf6+ Qxf6 20. Qc2 Ra8 21. Be3 Bxe4 22. fxe4 Qe5 23. Bf4 Qh5 24. Rae1 Rxa4 25. Bf3 Qg6 26. Be3 Rb4 27. b3 Ra8 28. Re2 Ra3 29. Qd1 Nxb3 30. e5 Ra1 31. Bd5 Rxd1 32. Rxd1 dxe5 33. Rf2 Kh8 34. Rxf7 h6 35. Rf8+ Kh7 36. Bg8+ Kh8 37. Bf7+ Kh7 38. Rh8+ Kxh8 39. Bxg6 Nd4 40. Bxd4 exd4 41. Rxd4 Rb1+ 42. Bxb1 g6 43. Rd7 c6 44. Rxb7 g5 45. Rxb6 1-0

[Event "SF-2014-0-00230"]
[Site "LSS email"]
[Date "2014.04.08"]
[Round "?"]
[White "Grimm, Wolfgang"]
[Black "Scragg, Christopher"]
[Result "1-0"]
[WhiteElo "1288"]
[BlackElo "1007"]
[PlyCount "77"]
[EventDate "2014.03.09"]
[EventType "tourn (corr)"]
[EventRounds "6"]
[EventCountry "GER"]
[SourceTitle "Corr 2015"]
[Source "ChessBase"]
[SourceDate "2015.07.17"]
[SourceVersion "1"]
[SourceVersionDate "2015.07.17"]
[SourceQuality "1"]

1. g3 d5 2. d4 Nf6 3. Nf3 e6 4. Nc3 Bb4 5. a3 Be7 6. Bg2 Nc6 7. Qd3 0-0 8. 0-0 a6 9. Bd2 h6 10. e4 Nxe4 11. Nxe4 dxe4 12. Qxe4 Qd5 13. Rfe1 Rd8 14. Qxd5 Rxd5 15. c4 Rd6 16. Bf4 Rd7 17. d5 exd5 18. cxd5 Rxd5 19. Ne5 Nb4 20. axb4 Rb5 21. Nd7 Bxb4 22. Re8+ Kh7 23. Bxc7 Bxd7 24. Rxa8 Bc5 25. Rd1 Bc6 26. Bxc6 bxc6 27. Rd2 Be7 28. Rxa6 Rc5 29. Rd7 Rc1+ 30. Kg2 Bf6 31. b4 h5 32. Rxf7 Kg6 33. Rd7 Rb1 34. Bd6 Kf5 35. Rxc6 Rxb4 36. Bxb4 Ke5 37. Bc3+ Kf5 38. Bxf6 gxf6 39. f4 1-0

[Event "BI-2013-F-0021"]
[Site "LSS email"]
[Date "2014.02.21"]
[Round "?"]
[White "Meyer, Frank"]
[Black "Scragg, Christopher"]
[Result "0-1"]
[WhiteElo "553"]
[BlackElo "1007"]
[PlyCount "42"]
[EventDate "2014.02.27"]
[EventType "tourn (corr)"]
[EventRounds "10"]
[EventCountry "GER"]
[SourceTitle "Corr 2015"]
[Source "ChessBase"]
[SourceDate "2015.07.17"]
[SourceVersion "1"]
[SourceVersionDate "2015.07.17"]
[SourceQuality "1"]

1. d4 Nf6 2. c4 e6 3. Nf3 Nc6 4. Nc3 d5 5. cxd5 exd5 6. Bg5 Bb4 7. a3 Bxc3+ 8. bxc3 0-0 9. e3 Re8 10. c4 Be6 11. cxd5 Bxd5 12. Bb5 h6 13. Bh4 a6 14. Ba4 b5 15. Bb3 Bxf3 16. Qxf3 Nxd4 17. Qd1 g5 18. Bg3 Ne4 19. Bxc7 Qxc7 20. Qxd4 Rad8 21. Qb4 a5 0-1

[Event "BI-2013-F-0021"]
[Site "LSS email"]
[Date "2014.02.21"]
[Round "?"]
[White "Scragg, Christopher"]
[Black "Lombart, Philippe"]
[Result "0-1"]
[WhiteElo "1007"]
[BlackElo "1639"]
[PlyCount "80"]
[EventDate "2014.02.27"]
[EventType "tourn (corr)"]
[EventRounds "10"]
[EventCountry "GER"]
[SourceTitle "Corr 2015"]
[Source "ChessBase"]
[SourceDate "2015.07.17"]
[SourceVersion "1"]
[SourceVersionDate "2015.07.17"]
[SourceQuality "1"]

1. e4 e5 2. Nf3 Nc6 3. Bb5 a6 4. Ba4 Nf6 5. 0-0 Nxe4 6. Re1 Nc5 7. Bxc6 dxc6 8. Nxe5 Be7 9. d4 Ne6 10. Be3 0-0 11. Nc3 f6 12. Nf3 f5 13. Qd3 Bd6 14. Rad1 Qf6 15. Qc4 Kh8 16. Bc1 Bd7 17. Ne5 Bxe5 18. dxe5 Qe7 19. Qb3 b5 20. Bd2 Rad8 21. Kh1 f4 22. Ne2 f3 23. gxf3 c5 24. Ba5 Bc6 25. Rxd8 Rxd8 26. Rg1 Ng5 27. Qe3 Nxf3 28. Rg3 Rd1+ 29. Kg2 Nh4+ 30. Kh3 Bd7+ 31. Rg4 h5 32. Qg3 Bxg4+ 33. Qxg4 hxg4+ 34. Kxg4 Ng6 35. f3 Nxe5+ 36. Kh3 Nc4 37. Ng3 Nxa5 38. f4 Nc6 39. Nf5 Qe6 40. Kg3 Qxf5 0-1

[Event "BI-2013-F-0021"]
[Site "LSS email"]
[Date "2014.02.21"]
[Round "?"]
[White "Scragg, Christopher"]
[Black "Perez, Giorgio"]
[Result "0-1"]
[WhiteElo "1007"]
[BlackElo "1343"]
[PlyCount "74"]
[EventDate "2014.02.27"]
[EventType "tourn (corr)"]
[EventRounds "10"]
[EventCountry "GER"]
[SourceTitle "Corr 2015"]
[Source "ChessBase"]
[SourceDate "2015.07.17"]
[SourceVersion "1"]
[SourceVersionDate "2015.07.17"]
[SourceQuality "1"]

1. c4 c6 2. e4 d5 3. exd5 cxd5 4. d4 Nf6 5. Nc3 g6 6. Qb3 Bg7 7. cxd5 0-0 8. Nge2 Re8 9. Nf4 Nbd7 10. Bd3 Nb6 11. 0-0 g5 12. Nfe2 h6 13. h4 gxh4 14. Nf4 Qd6 15. Bd2 Bd7 16. Rfe1 a5 17. Nb5 Bxb5 18. Bxb5 Rec8 19. Rad1 a4 20. Qd3 Nbxd5 21. Nxd5 Nxd5 22. Qe4 h3 23. gxh3 a3 24. b3 Nc3 25. Bxc3 Rxc3 26. Qxe7 Qg6+ 27. Kf1 Qh5 28. Qxb7 Rd8 29. Bd7 Rxd7 30. Qxd7 Rxh3 31. Qc8+ Kh7 32. Kg1 Qf3 33. Qxh3 Qxh3 34. Re2 f5 35. d5 f4 36. d6 f3 37. Red2 Qg2# 0-1

[Event "OP-2014-0-03273"]
[Site "LSS email"]
[Date "2014.02.02"]
[Round "?"]
[White "Scragg, Christopher"]
[Black "Lenz, Juergen"]
[Result "1-0"]
[WhiteElo "1077"]
[BlackElo "1003"]
[PlyCount "45"]
[EventDate "2014.01.28"]
[EventType "tourn (corr)"]
[EventRounds "4"]
[EventCountry "GER"]
[SourceTitle "Telechess CBM 167"]
[Source "ChessBase"]
[SourceDate "2015.07.13"]
[SourceVersion "1"]
[SourceVersionDate "2015.07.13"]
[SourceQuality "1"]

1. e4 Nf6 2. e5 Nd5 3. Nc3 c6 4. d4 e6 5. Bd3 d6 6. Nf3 Nd7 7. 0-0 Nxc3 8. bxc3 dxe5 9. Nxe5 Nxe5 10. dxe5 Be7 11. Qg4 g6 12. Re1 h5 13. Qa4 0-0 14. Bh6 Re8 15. Qf4 Qa5 16. Re3 Qd8 17. Rf3 Rf8 18. Rd1 Qe8 19. Be4 Bd7 20. Bxf8 Bxf8 21. Rfd3 Bc8 22. Rd8 Qe7 23. Qf6 1-0

[Event "OP-2014-0-03273"]
[Site "LSS email"]
[Date "2014.02.02"]
[Round "?"]
[White "Scragg, Christopher"]
[Black "Molina, Vicente Andres"]
[Result "1-0"]
[WhiteElo "1077"]
[BlackElo "838"]
[PlyCount "45"]
[EventDate "2014.01.28"]
[EventType "tourn (corr)"]
[EventRounds "4"]
[EventCountry "GER"]
[SourceTitle "Telechess CBM 167"]
[Source "ChessBase"]
[SourceDate "2015.07.13"]
[SourceVersion "1"]
[SourceVersionDate "2015.07.13"]
[SourceQuality "1"]

1. e4 c5 2. Nf3 d6 3. d4 cxd4 4. Nxd4 Nf6 5. Nc3 a6 6. Be3 e5 7. Nf3 Nc6 8. Bc4 Be6 9. Bxe6 fxe6 10. Ng5 Qd7 11. 0-0 h6 12. Nf3 g6 13. Qd3 d5 14. exd5 exd5 15. Qxg6+ Qf7 16. Qf5 Bd6 17. Rfe1 0-0 18. Bxh6 Rfe8 19. Red1 e4 20. Nxd5 Nxd5 21. Qg4+ Kh7 22. Ng5+ Kxh6 23. Nxf7+ 1-0

[Event "SN-2013-0-00558"]
[Site "LSS email"]
[Date "2013.12.13"]
[Round "?"]
[White "Raines, David T"]
[Black "Scragg, Christopher"]
[Result "0-1"]
[WhiteElo "895"]
[BlackElo "1074"]
[PlyCount "44"]
[EventDate "2013.11.28"]
[EventType "tourn (corr)"]
[EventRounds "6"]
[EventCountry "GER"]
[SourceTitle "Telechess CBM 167"]
[Source "ChessBase"]
[SourceDate "2015.07.13"]
[SourceVersion "1"]
[SourceVersionDate "2015.07.13"]
[SourceQuality "1"]

1. g3 e5 2. Bg2 Nc6 3. e4 Nf6 4. Ne2 Bc5 5. 0-0 d6 6. c3 Bg4 7. h3 Bh5 8. g4 Bxg4 9. b4 Bxe2 10. Qxe2 Bb6 11. a4 a6 12. Na3 0-0 13. Nc4 d5 14. exd5 Nxd5 15. Ne3 Nf4 16. Qf3 Re8 17. Qg4 Re6 18. Be4 Rh6 19. f3 Nxh3+ 20. Kg2 Nf4+ 21. Kf2 Rh2+ 22. Kg1 Rh4 0-1

[Event "SN-2013-0-00558"]
[Site "LSS email"]
[Date "2013.12.13"]
[Round "?"]
[White "Scragg, Christopher"]
[Black "Novikov, Evgeny"]
[Result "0-1"]
[WhiteElo "1074"]
[BlackElo "1199"]
[PlyCount "78"]
[EventDate "2013.11.28"]
[EventType "tourn (corr)"]
[EventRounds "6"]
[EventCountry "GER"]
[SourceTitle "Telechess CBM 167"]
[Source "ChessBase"]
[SourceDate "2015.07.13"]
[SourceVersion "1"]
[SourceVersionDate "2015.07.13"]
[SourceQuality "1"]

1. e4 c5 2. Nf3 Nc6 3. Nc3 e6 4. Bb5 Nd4 5. 0-0 a6 6. Bd3 Ne7 7. b3 Nec6 8. Bb2 h6 9. a4 b6 10. e5 d6 11. Re1 Bb7 12. exd6 Bxd6 13. Ne4 Be7 14. Nxd4 Nxd4 15. a5 b5 16. Qh5 Rc8 17. Ba3 Qc7 18. Qd1 Rd8 19. c3 b4 20. Bb2 Nxb3 21. Qxb3 Rxd3 22. Qc4 Qd7 23. cxb4 cxb4 24. f3 Bxe4 25. Rxe4 0-0 26. Rd4 Rxd4 27. Bxd4 Rc8 28. Qd3 Bf6 29. Kf1 Bxd4 30. g3 Qd5 31. Rb1 b3 32. Rxb3 Rc1+ 33. Ke2 f5 34. Rb8+ Kf7 35. Qb3 Qe5+ 36. Kd3 Bc5 37. Rd8 Qe1 38. Qb7+ Kg6 39. Qb8 Qf1# 0-1

[Event "SN-2013-0-00549"]
[Site "LSS email"]
[Date "2013.11.05"]
[Round "?"]
[White "Scragg, Christopher"]
[Black "Novoa, Nicolas"]
[Result "1-0"]
[WhiteElo "1007"]
[BlackElo "289"]
[PlyCount "33"]
[EventDate "2013.10.13"]
[EventType "tourn (corr)"]
[EventRounds "6"]
[EventCountry "GER"]
[SourceTitle "Corr 2015"]
[Source "ChessBase"]
[SourceDate "2015.07.17"]
[SourceVersion "1"]
[SourceVersionDate "2015.07.17"]
[SourceQuality "1"]

1. d4 d5 2. Nf3 Bf5 3. c4 c6 4. Nc3 e6 5. Bf4 Bd6 6. g4 Bxg4 7. Ne5 Nd7 8. Nxc6 bxc6 9. Bxd6 Ngf6 10. Qa4 Nb6 11. Qxc6+ Nbd7 12. Nb5 Rc8 13. Qb7 Nb6 14. h3 Bh5 15. c5 Nc4 16. Nc7+ Kd7 17. Qb5# 1-0

[Event "OP-2013-0-03018"]
[Site "LSS email"]
[Date "2013.09.24"]
[Round "?"]
[White "Sandocal, Uzmir"]
[Black "Scragg, Christopher"]
[Result "1-0"]
[WhiteElo "1532"]
[BlackElo "1077"]
[PlyCount "83"]
[EventDate "2013.09.22"]
[EventType "tourn (corr)"]
[EventRounds "4"]
[EventCountry "GER"]
[SourceTitle "Telechess CBM 167"]
[Source "ChessBase"]
[SourceDate "2015.07.13"]
[SourceVersion "1"]
[SourceVersionDate "2015.07.13"]
[SourceQuality "1"]

1. b3 Nc6 2. d4 d5 3. Nf3 Bf5 4. Ba3 Nf6 5. e3 e6 6. Bxf8 Rxf8 7. Bb5 Ne4 8. c4 dxc4 9. bxc4 e5 10. Nxe5 a6 11. Ba4 Qd6 12. Nxc6 bxc6 13. 0-0 Rb8 14. f3 Ng5 15. Nc3 Ke7 16. e4 Bd7 17. e5 Qg6 18. Kh1 Ne6 19. Bc2 Qh5 20. Ne4 Rfd8 21. Ng3 Qg5 22. f4 Nxf4 23. Qc1 Ne6 24. Qa3+ Ke8 25. d5 Nf4 26. e6 fxe6 27. dxe6 Bc8 28. Qe3 Nxe6 29. Qf3 Rd7 30. Rae1 Re7 31. Rxe6 Rxe6 32. Qf8+ Kd7 33. Ne4 Qe5 34. Nc5+ Qxc5 35. Qxc5 Rd6 36. Qe5 Rb1 37. Qxg7+ Kd8 38. Qf8+ Kd7 39. Bxb1 c5 40. Be4 Rd4 41. Rf7+ Ke6 42. Qe7# 1-0

[Event "SN-2013-0-00536"]
[Site "LSS email"]
[Date "2013.09.06"]
[Round "?"]
[White "Scragg, Christopher"]
[Black "Linart, Ludvik"]
[Result "1-0"]
[WhiteElo "1002"]
[BlackElo "929"]
[PlyCount "60"]
[EventDate "2013.08.15"]
[EventType "tourn (corr)"]
[EventRounds "6"]
[EventCountry "GER"]
[SourceTitle "Telechess CBM 163"]
[Source "ChessBase"]
[SourceDate "2014.11.11"]
[SourceVersion "2"]
[SourceVersionDate "2014.11.11"]
[SourceQuality "1"]

1. d4 f5 2. Nf3 e6 3. Nc3 Nf6 4. g3 b6 5. Bg2 Bb7 6. Bf4 Bb4 7. 0-0 Bxc3 8. bxc3 d6 9. Rb1 Nd5 10. Bg5 Ne7 11. c4 0-0 12. d5 e5 13. Nxe5 Qe8 14. Nd3 Nd7 15. Re1 Ng6 16. e4 Nde5 17. f4 Nxd3 18. Qxd3 Qf7 19. Bh3 fxe4 20. Rxe4 Rfe8 21. Be6 Rxe6 22. Rxe6 Bc8 23. Qe4 Bxe6 24. dxe6 Qe8 25. Re1 h6 26. e7 Rb8 27. h4 hxg5 28. Qe6+ Kh7 29. hxg5 Rb7 30. Kf2 Nh8 1-0

[Event "BI-2013-P-00009"]
[Site "LSS email"]
[Date "2013.04.22"]
[Round "?"]
[White "Bichik, Aleksandr Mihail"]
[Black "Scragg, Christopher"]
[Result "1-0"]
[WhiteElo "2066"]
[BlackElo "1002"]
[PlyCount "67"]
[EventDate "2013.04.25"]
[EventType "tourn (corr)"]
[EventRounds "12"]
[EventCountry "GER"]
[SourceTitle "Telechess CBM 163"]
[Source "ChessBase"]
[SourceDate "2014.11.11"]
[SourceVersion "2"]
[SourceVersionDate "2014.11.11"]
[SourceQuality "1"]

1. e4 e5 2. Nf3 Nc6 3. Bb5 Nf6 4. 0-0 Bc5 5. Nxe5 Nxe5 6. d4 Qe7 7. dxc5 c6 8. Be2 Nxe4 9. Re1 Qxc5 10. Be3 Qa5 11. Bd3 d5 12. f3 f5 13. fxe4 dxe4 14. Qh5+ g6 15. Qh4 0-0 16. Be2 f4 17. Bd4 Rf5 18. Nc3 Qb4 19. Rad1 Nd3 20. Nxe4 Qxd4+ 21. Kh1 Qxe4 22. Bxd3 Qd5 23. Bxf5 Qxd1 24. Rxd1 Bxf5 25. Rd8+ Rxd8 26. Qxd8+ Kf7 27. Qc7+ Ke6 28. Qxb7 Be4 29. Qxa7 Bxc2 30. Qd4 Bf5 31. Qxf4 c5 32. g4 Bb1 33. Qe3+ Kd5 34. a4 1-0

[Event "OP-2013-0-02650"]
[Site "LSS email"]
[Date "2013.02.17"]
[Round "?"]
[White "Dlugolecki, Grzegorz"]
[Black "Scragg, Christopher"]
[Result "1-0"]
[WhiteElo "1601"]
[BlackElo "897"]
[PlyCount "45"]
[EventDate "2013.02.14"]
[EventType "tourn (corr)"]
[EventRounds "4"]
[EventCountry "GER"]
[SourceTitle "Telechess CBM 161"]
[Source "ChessBase"]
[SourceDate "2014.07.16"]
[SourceVersion "1"]
[SourceVersionDate "2014.07.16"]
[SourceQuality "1"]

1. e4 e5 2. Nf3 Nc6 3. d4 exd4 4. Nxd4 Nf6 5. Nxc6 bxc6 6. e5 Qe7 7. f4 d6 8. Qe2 dxe5 9. Qxe5 Qxe5+ 10. fxe5 Nd5 11. Bd3 Bc5 12. c4 Nb4 13. Be4 0-0 14. Nd2 Bd7 15. a3 Rfe8 16. axb4 Bxb4 17. 0-0 Bc5+ 18. Kh1 Rxe5 19. Nb3 Rxe4 20. Nxc5 Rd4 21. Be3 Rxc4 22. Nxd7 Re8 23. Rxa7 1-0

[Event "OP-2013-0-02650"]
[Site "LSS email"]
[Date "2013.02.17"]
[Round "?"]
[White "Scragg, Christopher"]
[Black "Siger, Imre Csaba"]
[Result "0-1"]
[WhiteElo "897"]
[BlackElo "1575"]
[PlyCount "52"]
[EventDate "2013.02.14"]
[EventType "tourn (corr)"]
[EventRounds "4"]
[EventCountry "GER"]
[SourceTitle "Telechess CBM 161"]
[Source "ChessBase"]
[SourceDate "2014.07.16"]
[SourceVersion "1"]
[SourceVersionDate "2014.07.16"]
[SourceQuality "1"]

1. e4 c6 2. d4 d5 3. Nc3 dxe4 4. Nxe4 Bf5 5. Ng3 Bg6 6. Be2 e6 7. Bf3 Bd6 8. N1e2 Nf6 9. Bg5 Nbd7 10. 0-0 h6 11. Qd2 hxg5 12. Qxg5 e5 13. Rfe1 Kf8 14. dxe5 Nxe5 15. Nd4 Nfg4 16. Qxd8+ Rxd8 17. Rac1 Nxh2 18. Be2 Bc5 19. Nb3 Bb6 20. Bf3 Nhxf3+ 21. gxf3 Nxf3+ 22. Kg2 Nxe1+ 23. Rxe1 Bxc2 24. Nd2 Rxd2 25. Nf5 Rxf2+ 26. Kg1 Bxf5 0-1